Gaseta municipal de Barcelona (1931)
Descripción Física:
32 cm
MARC
| LEADER | 00000nam a2200000Ia 4500 | ||
|---|---|---|---|
| 001 | 7465, 7466, 7467, 7468, 7469, 7470, 7471 | ||
| 008 | 160829s1931 - [1937?] xx 000 0 cat d | ||
| 008 | 160829s9999 xx 000 0 cat d | ||
| 080 | |a Revistes | ||
| 110 | 1 | |a Barcelona (Catalunya). |b Ajuntament |9 50981 | |
| 245 | |a Gaseta municipal de Barcelona (1931) | ||
| 260 | |a Barcelona : |b [Ajuntament de Barcelona], |c 1931 - [1937?] | ||
| 300 | |a 32 cm | ||
| 362 | |a Any 18, núm. 1 (15 abr. 1931)- | ||
| 590 | |a Setmanal, amb irregularitats. | ||
| 590 | |a Continuació de: Gaceta municipal de Barcelona (1913). | ||
| 590 | |a Continua la numeració. | ||
| 590 | |a Continuada per: Gaceta municipal de Barcelona (1939) | ||
| 610 | 1 | 0 | |a Barcelona (Catalunya). |b Ajuntament |v Revistes |9 55241 |
| 650 | 0 | |a Administració local |z Barcelona (Catalunya) |v Revistes |9 29990 | |
| 901 | |a Arxiu | ||
| 942 | |n 1 | ||
| 952 | |0 0 |1 0 |4 0 |6 REVISTES |7 1 |9 45201 |a Arxiu |b Arxiu |d 2016-12-01 |l 0 |o Revistes |p 7465, 7466, 7467, 74 |r 2016-12-01 00:00:00 |w 2016-12-01 |y ARXIU | ||
| 999 | |c 48273 |d 48273 | ||